| 000 | 00920nam a2200313Ia 4500 | ||
|---|---|---|---|
| 005 | 20250425161901.0 | ||
| 008 | 250425s9999 xx 000 0 und d | ||
| 020 | _a9701702700 | ||
| 041 | _aspa | ||
| 043 | _amx | ||
| 082 | _a658.4034 | ||
| 100 | _aEPPEN, G.D. | ||
| 245 | 0 | _aINVESTIGACION DE OPERACIONES EN LA CIENCIA ADMINISTRATIVA: CONSTRUCCION DE MODELOS PARA LA TOMA DE DECISIONES CON HOJAS DE CALCULO ELECTRONICAS | |
| 250 | _a5A ED. | ||
| 260 |
_aMéxico _bPRENTICE HALL _c2000 |
||
| 260 | _aS.L. | ||
| 300 | _a702 | ||
| 500 | _aCONTIENE GRAFICO | ||
| 500 | _aTítulo Traducido: INTODUCTORY MANAGEMENT SCIENCE | ||
| 650 | _aINVESTIGACION DE OPERACIONES | ||
| 650 | _aMODELOS | ||
| 650 | _aPROBABILIDAD | ||
| 650 | _aPROGRAMACION LINEAL | ||
| 650 | _aTOMA DE DECISIONES | ||
| 700 |
_aANGEL CARLOS GONZALEZ RUIZ _etraductor |
||
| 710 | _aPRENTICE-HALL | ||
| 942 | _c01 | ||
| 010 | _a33633 | ||
| 999 |
_c218086 _d218086 |
||